000 00369 a2200169 4500
001 186679
020 _a85-06-01050-0
040 _cMagnum
100 _aCarr, Stella
240 1 0 _aCaverna dos monstros
_lpor
245 1 0 _aCaverna dos monstros
300 _a32
362 0 _a1990
440 1 _aMelhoramentos
697 _aLITERATURA INFANTO-JUVENIL
942 _cBK
999 _c186679
_d186679